Kraków - linia tramwajowa nr 5 - Statystyki

Ogólne statystyki
  • Ten quiz został rozwiązany 9 razy
  • Średni wynik to 15 z 24
Statystyki odpowiedzi
Hint Odpowiedź % Poprawnych
Pętla Krowodrza Górka P+R
100%
1. (Pętla) Krowodrza Górka P+R
100%
6. Dworzec Główny Tunel
75%
5. Politechnika
75%
7. Rondo Mogilskie
75%
12. AKF/PK
63%
9. Białucha
63%
16. Bieńczycka
63%
2. Bratysławska
63%
8. Cystersów
63%
14. Czyżyny
63%
4. (Pętla pośrednia) Dworzec Towarowy
63%
22. Jarzębiny
63%
11. Muzeum Lotnictwa Polskiego
63%
15. Rondo Czyżyńskie
63%
17. Rondo Kocmyrzowskie im. Ks. Gorzelanego
63%
13. Stella-Sawickiego
63%
10. (Pętla pośrednia) TAURON Arena Kraków Wieczysta
63%
Pętla Wzgórza Krzesławickie
63%
21. Darwina
50%
3. Szpital Narutowicza
50%
18. Teatr Ludowy
50%
19. Cienista
38%
20. Wańkowicza
38%
Nie znaleziono quizów pasujących do podanych kryteriów
Rozkład punktacji
Procent ludzi z każdym wynikiem
Percentyl według liczby udzielonych odpowiedzi
Twoja historia wyników
Nie rozwiązałeś tego quizu